| 000 | 01058nam a22002417a 4500 | ||
|---|---|---|---|
| 008 | 100808s1977 xxu||||| |||| 00| 0 ara d | ||
| 020 | _a9772661446 | ||
| 082 |
_222 _a214 _bع ث م |
||
| 100 | 1 |
_917273 _aعثمان ، محمود |
|
| 245 |
_aالفكر المادى الحديث وموقف الإسلام منه / _cمحمود عثمان |
||
| 260 |
_aالقاهرة : _bمكتبة الأنجلو مصرية ، _c1977. |
||
| 300 |
_a597 ص ؛ _c24 سم |
||
| 504 | _aيحتوى على إرجاعات ببليوجرافية | ||
| 541 |
_aألف باء ؛ _cشراء ؛ |
||
| 650 |
_98794 _aالفلسفة الإسلامية |
||
| 650 |
_917275 _aالفلسفة _xمذاهب |
||
| 650 |
_915034 _aالشريعة الإسلامية |
||
| 650 |
_917276 _aالفكر المادي الحديث |
||
| 650 |
_917277 _aالوضعية والمنطقية |
||
| 650 |
_98604 _aالاسلام والفلسفة |
||
| 942 |
_2ddc _cBB |
||
| 999 |
_c14645 _d14645 |
||